[Event "Muensterland Open"]
[Site "Senden"]
[Date "2006.10.07"]
[Round "1.1"]
[White "Borovikov, Vladislav"]
[Black "Ebert, Manuel"]
[Result "1-0"]
[WhiteElo "2578"]
[BlackElo "2044"]
[PlyCount "65"]
[EventDate "2006.??.??"]

1. d4 d5 2. c4 e6 3. Nc3 Nf6 4. Bg5 Be7 5. e3 Nbd7 6. Nf3 O-O 7. Rc1 c6 8. Bd3
dxc4 9. Bxc4 Re8 10. O-O Nf8 11. e4 Ng6 12. e5 Nd5 13. Ne4 Qb6 14. Bxe7 Ndxe7
15. Qd2 Nf5 16. Rfd1 Rd8 17. Bf1 a5 18. a3 h6 19. g3 Bd7 20. h4 Be8 21. h5 Nf8
22. g4 Ne7 23. g5 Nf5 24. Bh3 Qb3 25. Rc3 Qb6 26. Bxf5 exf5 27. Nd6 hxg5 28.
Qxg5 Ne6 29. Qxf5 Qxb2 30. Ng5 Nxg5 31. Qxg5 Qe2 32. h6 Qxd1+ 33. Kh2 1-0

[Event "Muensterland Open"]
[Site "Senden"]
[Date "2006.10.07"]
[Round "1.2"]
[White "Simon, Thomas"]
[Black "Farago, Ivan"]
[Result "0-1"]
[WhiteElo "2038"]
[BlackElo "2522"]
[PlyCount "78"]
[EventDate "2006.??.??"]

1. Nf3 Nf6 2. g3 d5 3. c4 d4 4. Bg2 c5 5. b4 cxb4 6. a3 bxa3 7. Bxa3 Nc6 8. O-O
g6 9. d3 Bg7 10. Nbd2 O-O 11. Qa4 Bd7 12. Rfb1 Qc7 13. Rb2 h6 14. Rab1 Rab8 15.
Qc2 Rfd8 16. Rb5 e5 17. Ne1 Bf8 18. Bxf8 Kxf8 19. Qa2 b6 20. Qa3+ Kg7 21. c5
Na5 22. cxb6 axb6 23. Rc1 Qxc1 24. Qxc1 Bxb5 25. Qc7 Nd7 26. Nef3 Nb7 27. Qc2
Nbc5 28. Nc4 Bxc4 29. Qxc4 b5 30. Qb4 Rdc8 31. h4 Rc7 32. Qa5 Rcb7 33. Nd2 Rb6
34. Bd5 Rd6 35. Bg2 b4 36. Nc4 b3 37. Qe1 b2 38. Qb1 Ra6 39. Nxb2 Rab6 0-1

[Event "Muensterland Open"]
[Site "Senden"]
[Date "2006.10.07"]
[Round "1.3"]
[White "Karpatchev, Aleksandr"]
[Black "Heine, Rolf"]
[Result "1-0"]
[WhiteElo "2515"]
[BlackElo "2036"]
[PlyCount "53"]
[EventDate "2006.??.??"]

1. e4 c5 2. c3 d5 3. exd5 Qxd5 4. Nf3 Nf6 5. d4 Bg4 6. dxc5 Qxd1+ 7. Kxd1 Nc6
8. Be3 O-O-O+ 9. Kc1 e6 10. b4 Bxf3 11. gxf3 Be7 12. Kc2 Nd5 13. a3 Bf6 14. Ra2
Rd7 15. Be2 Rhd8 16. Kb3 Nxe3 17. fxe3 Ne5 18. a4 Nd3 19. Na3 Nf2 20. Rc1 Nd3
21. Rf1 Ne5 22. f4 Nc6 23. Nc4 Be7 24. a5 Nb8 25. a6 Nxa6 26. c6 Rc7 27. cxb7+
1-0

[Event "Muensterland Open"]
[Site "Senden"]
[Date "2006.10.07"]
[Round "1.4"]
[White "Jungbluth, Michael"]
[Black "Haub, Thorsten Michael"]
[Result "0-1"]
[WhiteElo "2019"]
[BlackElo "2474"]
[PlyCount "44"]
[EventDate "2006.??.??"]

1. d4 g6 2. c4 Bg7 3. Nc3 d6 4. e4 Nc6 5. Be3 Nf6 6. Be2 O-O 7. Qd2 Ng4 8. Bxg4
Bxg4 9. f3 Bd7 10. Nge2 e5 11. d5 Ne7 12. g4 f5 13. gxf5 gxf5 14. Bh6 Ng6 15.
O-O-O Qh4 16. Bxg7 Kxg7 17. Rdg1 fxe4 18. fxe4 Rf2 19. Qe3 a6 20. Nd1 Rf7 21.
Qg5 Qxe4 22. Ndc3 Qd3 0-1

[Event "Muensterland Open"]
[Site "Senden"]
[Date "2006.10.07"]
[Round "1.5"]
[White "van der Weide, Karel"]
[Black "Eiersbrock, Robin"]
[Result "1-0"]
[WhiteElo "2463"]
[BlackElo "2000"]
[PlyCount "43"]
[EventDate "2006.??.??"]

1. e4 d6 2. d4 Nf6 3. Nc3 g6 4. f4 Bg7 5. Nf3 Bg4 6. h3 Bxf3 7. Qxf3 c6 8. Be3
Qc7 9. e5 dxe5 10. fxe5 Nfd7 11. Bc4 e6 12. O-O O-O 13. Rad1 a6 14. b4 a5 15.
Ne4 b5 16. Bd3 axb4 17. Bg5 c5 18. Be7 Nxe5 19. dxe5 Qxe7 20. Nf6+ Bxf6 21.
exf6 Qa7 22. Be4 1-0

[Event "Muensterland Open"]
[Site "Senden"]
[Date "2006.10.07"]
[Round "1.6"]
[White "Lerke, Bernd"]
[Black "Porper, Eduard"]
[Result "0-1"]
[WhiteElo "2000"]
[BlackElo "2462"]
[PlyCount "54"]
[EventDate "2006.??.??"]

1. e4 c6 2. c4 d5 3. exd5 cxd5 4. cxd5 Qxd5 5. Nc3 Qd8 6. Bc4 e6 7. Nf3 Nf6 8.
O-O Be7 9. d4 O-O 10. d5 exd5 11. Nxd5 Nxd5 12. Bxd5 Nd7 13. Be3 Nf6 14. Bc4
Bg4 15. Qxd8 Rfxd8 16. Ne5 Bh5 17. f4 Nd5 18. Bf2 Nxf4 19. Rae1 Bf6 20. g4 Bg6
21. Nxg6 hxg6 22. Be3 Nd3 23. g5 Nxe1 24. gxf6 Nc2 25. Bg5 Rd4 26. Bxf7+ Kxf7
27. fxg7+ Kg8 0-1

[Event "Muensterland Open"]
[Site "Senden"]
[Date "2006.10.07"]
[Round "1.7"]
[White "Schulze, Ulrich"]
[Black "Kraus, Tanja"]
[Result "1-0"]
[WhiteElo "2304"]
[BlackElo "1982"]
[PlyCount "43"]
[EventDate "2006.??.??"]

1. Nf3 Nc6 2. d4 d5 3. c4 Bg4 4. cxd5 Bxf3 5. gxf3 Qxd5 6. e3 e5 7. Nc3 Bb4 8.
Bd2 Bxc3 9. bxc3 Qd6 10. Rg1 g6 11. f4 exf4 12. e4 f6 13. Qf3 Rd8 14. Qxf4 Qe7
15. Rg3 g5 16. Qe3 Nh6 17. Rb1 Na5 18. c4 Nc6 19. d5 Ne5 20. Rxb7 Kf7 21. c5
Rd7 22. c6 1-0

[Event "Muensterland Open"]
[Site "Senden"]
[Date "2006.10.07"]
[Round "1.8"]
[White "Peters, Stephan"]
[Black "Tereick, Benjamin"]
[Result "0-1"]
[WhiteElo "1976"]
[BlackElo "2302"]
[PlyCount "80"]
[EventDate "2006.??.??"]

1. e4 e6 2. d4 d5 3. Nc3 Nf6 4. Bg5 Bb4 5. e5 h6 6. exf6 hxg5 7. fxg7 Rg8 8.
Qd3 Qf6 9. O-O-O Nc6 10. Nb5 Bd6 11. Nxd6+ cxd6 12. Ne2 Bd7 13. Qg3 O-O-O 14.
Qxd6 Qxf2 15. Nc3 Rxg7 16. Rd2 Qe1+ 17. Rd1 Qe3+ 18. Rd2 Be8 19. Qf8 Rh7 20.
Nb5 Bd7 21. Qc5 b6 22. Qd6 Qf4 23. Nxa7+ Kb7 24. Qxf4 gxf4 25. Nxc6 Kxc6 26.
Bd3 Rh4 27. h3 b5 28. Rf1 f6 29. Re1 Re8 30. Bg6 Re7 31. Bf5 f3 32. gxf3 Kd6
33. Rde2 Rxd4 34. Bg4 Rf4 35. h4 f5 36. Bh3 Rxf3 37. Bg2 Rf4 38. Re5 Rg7 39.
R5e2 Rxh4 40. Bf3 Rg3 0-1

[Event "Muensterland Open"]
[Site "Senden"]
[Date "2006.10.07"]
[Round "1.10"]
[White "Klatt, Peter"]
[Black "Struk, Jerzy"]
[Result "0-1"]
[WhiteElo "1970"]
[BlackElo "2270"]
[PlyCount "116"]
[EventDate "2006.??.??"]

1. c4 Nf6 2. Nc3 e6 3. e4 d5 4. e5 Nfd7 5. cxd5 exd5 6. d4 Bb4 7. Nf3 h6 8. Bd3
O-O 9. O-O c6 10. Ng5 hxg5 11. Qh5 f5 12. Bxg5 Qe8 13. Qh4 Bxc3 14. bxc3 Nb6
15. Rae1 Nc4 16. e6 Qg6 17. e7 Re8 18. g4 Nd6 19. f3 b6 20. Rf2 Nf7 21. Bf4 Qf6
22. Qg3 Ba6 23. Bxf5 Rxe7 24. Rxe7 Qxe7 25. Bxb8 Qe1+ 26. Kg2 Qxc3 27. Be5 Re8
28. Rc2 Qa1 29. h4 Nxe5 30. dxe5 Rxe5 31. Kh2 Qd4 32. h5 c5 33. Rf2 Qe3 34. Kg2
Qd4 35. h6 gxh6 36. Qh3 Qf4 37. Qh5 Qg5 38. Qxg5+ hxg5 39. Kg3 Re2 40. Rxe2
Bxe2 41. Be6+ Kg7 42. Bxd5 Kf6 43. f4 Bd1 44. Bc4 Ba4 45. f5 b5 46. Be2 c4 47.
Kf3 c3 48. Ke3 b4 49. Bf3 Ke5 50. Kd3 a5 51. a3 Bb5+ 52. Kc2 Bc4 53. axb4 axb4
54. Kc1 b3 55. Bd1 Kd4 56. f6 Ke5 57. Be2 Bxe2 58. f7 Bd3 0-1

[Event "Muensterland Open"]
[Site "Senden"]
[Date "2006.10.08"]
[Round "2.1"]
[White "Grälken, Matthias"]
[Black "Borovikov, Vladislav"]
[Result "1/2-1/2"]
[WhiteElo "2131"]
[BlackElo "2578"]
[PlyCount "76"]
[EventDate "2006.??.??"]

1. d4 d5 2. Bf4 Nf6 3. e3 c5 4. c3 Nc6 5. Nd2 Bf5 6. h3 Qb6 7. Qb3 c4 8. Qxb6
axb6 9. g4 Bg6 10. Bg2 e6 11. a3 b5 12. Rc1 Nd7 13. Ne2 Nb6 14. e4 h5 15. Bg3
Na4 16. Rc2 hxg4 17. hxg4 Rxh1+ 18. Bxh1 O-O-O 19. f4 dxe4 20. Bxe4 Bxe4 21.
Nxe4 Be7 22. Kf2 Rh8 23. Kg2 g6 24. g5 Kd7 25. Ng1 Nb6 26. Nf3 Nd5 27. Re2 b6
28. Nh2 Ke8 29. Ng4 Kf8 30. Kf3 Rh1 31. Re1 Rxe1 32. Bxe1 Ke8 33. Bd2 Kd7 34.
Be3 Bd8 35. Nh6 Ke7 36. Ng4 Kd7 37. Nh6 Ke7 38. Ng4 Kd7 1/2-1/2

[Event "Muensterland Open"]
[Site "Senden"]
[Date "2006.10.08"]
[Round "2.3"]
[White "Langhanke, Günther"]
[Black "Karpatchev, Aleksandr"]
[Result "0-1"]
[WhiteElo "2124"]
[BlackElo "2515"]
[PlyCount "88"]
[EventDate "2006.??.??"]

1. e4 e5 2. Nf3 Nc6 3. Bc4 Nf6 4. d4 exd4 5. e5 Ne4 6. Bd5 Nc5 7. Bxc6 dxc6 8.
Qxd4 Bf5 9. Bg5 Be7 10. Bxe7 Qxe7 11. Na3 Be4 12. O-O-O Bxf3 13. gxf3 Ne6 14.
Qe3 g6 15. Rd3 Qh4 16. Nb1 O-O 17. Nc3 Rfd8 18. Rxd8+ Rxd8 19. Ne2 Qc4 20. Kb1
Qd5 21. Re1 Qd2 22. Qxd2 Rxd2 23. Kc1 Rd5 24. Nc3 Rd4 25. Re4 Kg7 26. Rxd4 Nxd4
27. f4 Nf3 28. h3 f6 29. e6 f5 30. Kd1 Kf6 31. Ke2 Ng1+ 32. Ke3 Nxh3 33. Ne2
Kxe6 34. Kf3 g5 35. fxg5 Nxg5+ 36. Kg3 Kf6 37. Nd4 Ne6 38. Nb3 b6 39. Nd2 Ke5
40. Nf3+ Kd5 41. Nh4 Ke4 42. f3+ Ke5 43. f4+ Ke4 44. Nf3 Ke3 0-1

[Event "Muensterland Open"]
[Site "Senden"]
[Date "2006.10.08"]
[Round "2.4"]
[White "Haub, Thorsten Michael"]
[Black "Smolka, Alexander"]
[Result "1-0"]
[WhiteElo "2474"]
[BlackElo "2132"]
[PlyCount "63"]
[EventDate "2006.??.??"]

1. Nf3 c5 2. g3 Nc6 3. d3 g6 4. Bg2 Bg7 5. Nbd2 e5 6. O-O Nge7 7. e4 O-O 8. c3
d6 9. Nh4 Be6 10. f4 exf4 11. gxf4 f5 12. Ndf3 Qd7 13. Ng5 Kh8 14. Nxe6 Qxe6
15. Re1 Qd7 16. Bh3 d5 17. Qe2 Rae8 18. Qf2 b6 19. Nf3 c4 20. e5 Nd8 21. dxc4
dxc4 22. Bf1 b5 23. a4 a6 24. axb5 axb5 25. b3 Qc8 26. bxc4 bxc4 27. Nd2 Nd5
28. Nxc4 Nb7 29. Nb6 Nxb6 30. Qxb6 Qxc3 31. Be3 Nd8 32. Rec1 1-0

[Event "Muensterland Open"]
[Site "Senden"]
[Date "2006.10.08"]
[Round "2.5"]
[White "Sicherl, Peter"]
[Black "van der Weide, Karel"]
[Result "0-1"]
[WhiteElo "2119"]
[BlackElo "2463"]
[PlyCount "74"]
[EventDate "2006.??.??"]

1. e4 c5 2. Ne2 d6 3. g3 Nf6 4. Bg2 g6 5. O-O Bg7 6. c3 O-O 7. d4 Na6 8. h3 Qb6
9. Nd2 cxd4 10. cxd4 Be6 11. d5 Bd7 12. Nc4 Qc7 13. Na3 Nc5 14. Nc3 Rfb8 15.
Rb1 a5 16. Qe2 a4 17. Be3 Qc8 18. g4 b5 19. Naxb5 Nfxe4 20. Nd4 f5 21. Nxe4
fxe4 22. Rfc1 Qa6 23. Qd1 Qd3 24. Nc6 Rxb2 25. Bxc5 dxc5 26. Rxb2 Bxb2 27. Rb1
a3 28. Qe1 Ra4 29. Rd1 Qc4 30. Qe3 Kg7 31. Nxe7 Qxa2 32. Bxe4 Qc4 33. Bg2 Ra7
34. d6 a2 35. Nd5 Bc6 36. Nc7 Qf7 $4 (36... a1=Q $19) 37. Bxc6 $18 a1=Q 0-1

[Event "Muensterland Open"]
[Site "Senden"]
[Date "2006.10.08"]
[Round "2.7"]
[White "Hokamp, Sascha"]
[Black "Schulze, Ulrich"]
[Result "1/2-1/2"]
[WhiteElo "2102"]
[BlackElo "2304"]
[PlyCount "36"]
[EventDate "2006.??.??"]

1. d4 Nf6 2. Nf3 g6 3. e3 Bg7 4. Bd3 c5 5. O-O O-O 6. Nbd2 cxd4 7. exd4 Nc6 8.
c3 d6 9. Nc4 Bg4 10. Bg5 h6 11. Bxf6 Bxf6 12. h3 Bxf3 13. Qxf3 d5 14. Ne3 e6
15. Ng4 Bg7 16. Qe3 Kh7 17. f4 Qb6 18. Ne5 Rad8 1/2-1/2

[Event "Muensterland Open"]
[Site "Senden"]
[Date "2006.10.08"]
[Round "2.9"]
[White "Sharma, Danesh"]
[Black "Krallmann, Matthias"]
[Result "1/2-1/2"]
[WhiteElo "2096"]
[BlackElo "2282"]
[PlyCount "95"]
[EventDate "2006.??.??"]

1. e4 e5 2. Nf3 Nc6 3. Bb5 a6 4. Ba4 Nf6 5. O-O Be7 6. Re1 b5 7. Bb3 O-O 8. c3
d5 9. exd5 Nxd5 10. Nxe5 Nxe5 11. Rxe5 c6 12. d4 Bd6 13. Re1 Qh4 14. g3 Qh3 15.
Qf3 Bg4 16. Qg2 Qh5 17. Be3 Rae8 18. Nd2 Re6 19. a4 Rfe8 20. Bxd5 cxd5 21. axb5
axb5 22. Ra7 h6 23. Rb7 Bh3 24. Qf3 Bg4 25. Qg2 Bf4 26. Rxb5 Bxe3 27. Rxe3 Rxe3
28. fxe3 Rxe3 29. Rxd5 Re1+ 30. Nf1 f5 31. Re5 Be2 32. Qd5+ Kh7 33. Rxe2 Rxe2
34. b4 Qg6 35. Qf3 Rb2 36. Qd3 Qf6 37. d5 Rb3 38. Ne3 Rxc3 39. Qxf5+ Qxf5 40.
Nxf5 Rb3 41. Kf2 Rxb4 42. Ke3 Kg6 43. Nd4 Kf6 44. Ke4 Rb6 45. g4 Kg5 46. Ne6+
Kxg4 47. Nxg7 Rb7 48. Nf5 1/2-1/2

[Event "Muensterland Open"]
[Site "Senden"]
[Date "2006.10.08"]
[Round "2.10"]
[White "Struk, Jerzy"]
[Black "Davenport, Darcy"]
[Result "1/2-1/2"]
[WhiteElo "2270"]
[BlackElo "2115"]
[PlyCount "105"]
[EventDate "2006.??.??"]

1. e4 c6 2. d4 d5 3. exd5 cxd5 4. c4 Nf6 5. Nc3 e6 6. Nf3 Bb4 7. Bd3 dxc4 8.
Bxc4 O-O 9. O-O b6 10. Re1 Bb7 11. Bg5 Nbd7 12. Bd3 Rc8 13. Rc1 Re8 14. a3 Bxc3
15. bxc3 Qc7 16. h3 Qd6 17. a4 Qa3 18. c4 Bxf3 19. Qxf3 Qxa4 20. Qg3 Kh8 21.
Ra1 Qb4 22. Qh4 Kg8 23. Re3 a5 24. Rg3 Kf8 25. Bc1 Kg8 26. Bg5 Kf8 27. Rb1 Qd6
28. c5 bxc5 29. dxc5 Qxc5 30. Bxh7 Qc4 31. Bxf6 gxf6 32. Qh6+ Ke7 33. Bd3 Qc5
34. Rg7 Rf8 35. Bf1 Rc7 36. Qd2 a4 37. Ra1 a3 38. Rg3 Ra8 39. Qa2 Rca7 40. Rb3
Qe5 41. g3 Ra5 42. Rd1 Nc5 43. Rb6 R8a7 44. Qd2 Qc7 45. Rc6 Qb8 46. Rb1 Qe5 47.
Rc8 Qd5 48. Qh6 Nd7 49. Qh8 Kd6 50. Qh4 a2 51. Ra1 Rb7 52. Qf4+ e5 53. Qf5
1/2-1/2

[Event "Muensterland Open"]
[Site "Senden"]
[Date "2006.10.08"]
[Round "3.2"]
[White "Karpatchev, Aleksandr"]
[Black "Freitag, Julia"]
[Result "1-0"]
[WhiteElo "2515"]
[BlackElo "2183"]
[PlyCount "103"]
[EventDate "2006.??.??"]

1. e4 e6 2. d4 d5 3. Nd2 dxe4 4. Nxe4 b6 5. Nf3 Bb7 6. Bb5+ c6 7. Bd3 Be7 8.
Qe2 Nf6 9. Bd2 Nbd7 10. O-O-O Nxe4 11. Qxe4 Nf6 12. Qe2 Qc7 13. Ne5 Bd6 14. f4
O-O-O 15. Rhe1 Kb8 16. Kb1 Nd5 17. g3 g6 18. c4 Nf6 19. Bc3 Rhf8 20. Nf3 Nd7
21. Ng5 h6 22. Ne4 Be7 23. Nf2 Bf6 24. Ng4 Bg7 25. Ne5 Bh8 26. Qf2 c5 27. Qe2
cxd4 28. Bxd4 Nxe5 29. Bxe5 Bxe5 30. fxe5 Qc5 31. Bc2 h5 32. b3 Qe7 33. Qe3
Rxd1+ 34. Rxd1 Rd8 35. Rd4 Rd7 36. Qd2 Kc7 37. Kb2 Bc6 38. a3 a5 39. Rxd7+ Qxd7
40. Qxd7+ Kxd7 41. h4 Ke7 42. Kc3 Be8 43. Be4 f6 44. Kd4 Bf7 45. c5 fxe5+ 46.
Kc4 bxc5 47. Kxc5 Be8 48. a4 Kf6 49. b4 g5 50. bxa5 Bg6 51. Bxg6 Kxg6 52. a6
1-0

[Event "Muensterland Open"]
[Site "Senden"]
[Date "2006.10.08"]
[Round "3.3"]
[White "Sazanov, Nikolai"]
[Black "Haub, Thorsten Michael"]
[Result "0-1"]
[WhiteElo "2166"]
[BlackElo "2474"]
[PlyCount "96"]
[EventDate "2006.??.??"]

1. d4 g6 2. e3 Bg7 3. f4 d6 4. Nf3 Nf6 5. Bc4 c5 6. O-O Qc7 7. Nbd2 Nc6 8. c3
O-O 9. Qe1 Rb8 10. Qh4 b5 11. Bb3 b4 12. e4 bxc3 13. bxc3 cxd4 14. cxd4 Nxd4
15. Bb2 Nxf3+ 16. Rxf3 Rb4 17. Re1 Be6 18. e5 Nh5 19. Ba3 Rd4 20. exd6 exd6 21.
Ne4 Bxb3 22. axb3 Qa5 23. Bb2 Rxe4 24. Rxe4 Bxb2 25. f5 Qc5+ 26. Qf2 Qd5 27.
Rc4 Be5 28. g4 Nf6 29. fxg6 Ne4 30. gxf7+ Kh8 31. Qc2 Bd4+ 32. Kg2 Ng5 33. Qf5
Qxf3+ 34. Qxf3 Nxf3 35. Kxf3 Rxf7+ 36. Ke4 Be5 37. Kd5 Bxh2 38. Ke6 Rb7 39. b4
Kg7 40. Kf5 Re7 41. g5 d5 42. Rc6 d4 43. Rc2 Bg1 44. Rg2 Be3 45. g6 h6 46. Rc2
d3 47. Rc6 Rd7 48. Ke6 d2 0-1

[Event "Muensterland Open"]
[Site "Senden"]
[Date "2006.10.08"]
[Round "3.4"]
[White "van der Weide, Karel"]
[Black "Busche, Klaus"]
[Result "1-0"]
[WhiteElo "2463"]
[BlackElo "2155"]
[PlyCount "81"]
[EventDate "2006.??.??"]

1. e4 d5 2. exd5 Nf6 3. Bb5+ Bd7 4. Be2 Nxd5 5. d4 Bf5 6. Nf3 e6 7. O-O Be7 8.
c4 Nb4 9. Na3 N8c6 10. Be3 O-O 11. Qd2 Qd7 12. Rfc1 Rfd8 13. Nb5 Na6 14. a3 Bf6
15. Rd1 Qe8 16. Qe1 Ne7 17. Nc3 c6 18. h3 h6 19. b4 Nb8 20. g4 Bh7 21. h4 Ng6
22. g5 hxg5 23. hxg5 Be7 24. Kg2 Nd7 25. Qh1 Bd6 26. Qh3 Ndf8 27. Rh1 Qe7 28.
Bd3 a5 29. c5 Bc7 30. Bxg6 fxg6 31. Rae1 axb4 32. axb4 Ra3 33. Bd2 Qf7 34. Re4
Qf5 35. Rh4 Qxh3+ 36. R1xh3 Rb3 37. Ne4 Ra8 38. Bf4 Bxf4 39. Rxf4 Ra6 40. Nd6
b6 41. Ne5 1-0

[Event "Muensterland Open"]
[Site "Senden"]
[Date "2006.10.08"]
[Round "3.6"]
[White "Korth, Daniel"]
[Black "Tereick, Benjamin"]
[Result "0-1"]
[WhiteElo "2060"]
[BlackElo "2302"]
[PlyCount "46"]
[EventDate "2006.??.??"]

1. d4 d5 2. Nf3 Nf6 3. c4 c6 4. Nbd2 Bf5 5. g3 e6 6. Bg2 Nbd7 7. Nh4 Bg4 8. h3
Bh5 9. g4 Bg6 10. g5 Nh5 11. Nxg6 hxg6 12. Nf3 dxc4 13. Qc2 Bb4+ 14. Kf1 Nb6
15. Ne5 Qxd4 16. Nxg6 fxg6 17. Qxg6+ Kf8 18. Be4 Bc5 19. e3 Qd7 20. Rg1 Qf7 21.
Rg4 Nd5 22. Kg2 Ne7 23. Qxf7+ Kxf7 0-1

[Event "Muensterland Open"]
[Site "Senden"]
[Date "2006.10.08"]
[Round "3.7"]
[White "Sazanov, Nikolay"]
[Black "Bienhüls, Michael"]
[Result "1-0"]
[WhiteElo "2217"]
[BlackElo "2048"]
[PlyCount "59"]
[EventDate "2006.??.??"]

1. d4 Nf6 2. e3 g6 3. f4 d6 4. Nf3 Bg7 5. Bc4 O-O 6. O-O Bf5 7. c3 Nbd7 8. Nbd2
e5 9. fxe5 dxe5 10. Qe1 exd4 11. exd4 Nb6 12. Ne5 Nxc4 13. Ndxc4 Ng4 14. Qg3
Nxe5 15. Nxe5 f6 16. Nf3 g5 17. h4 h6 18. Nh2 Bg6 19. Rf2 Qd7 20. Bd2 Rae8 21.
Raf1 Re4 22. Bf4 c6 23. Bd6 Rd8 24. Rxf6 Bxf6 25. Rxf6 Re6 26. Be5 Rxf6 27.
Bxf6 Rf8 28. hxg5 hxg5 29. Ng4 Qh7 30. Bxg5 1-0

[Event "Muensterland Open"]
[Site "Senden"]
[Date "2006.10.08"]
[Round "3.8"]
[White "Borovikov, Vladislav"]
[Black "Bastians, Felix"]
[Result "1-0"]
[WhiteElo "2578"]
[BlackElo "2142"]
[PlyCount "87"]
[EventDate "2006.??.??"]

1. d4 Nf6 2. Nf3 c5 3. d5 e6 4. c4 exd5 5. cxd5 d6 6. Nc3 g6 7. h3 Bg7 8. e4
O-O 9. Bd3 b5 10. Bxb5 Nxe4 11. Nxe4 Qa5+ 12. Nfd2 Qxb5 13. Nxd6 Qa6 14. N2c4
Nd7 15. O-O Nb6 16. Nxb6 axb6 17. Qb3 Bd7 18. Bg5 Qe2 19. Rae1 Qxb2 20. Qxb2
Bxb2 21. Re7 Ba4 22. Nc4 Bg7 23. Nxb6 Ra6 24. Nxa4 Rxa4 25. Rc7 Be5 26. Rxc5 f6
27. Be3 Rd8 28. g4 Rxa2 29. Rd1 Ra1 30. Rxa1 Bxa1 31. Bf4 Bd4 32. Rb5 Be5 33.
Bxe5 fxe5 34. Kg2 Rd7 35. Kf3 Rf7+ 36. Ke3 Rf4 37. Rb8+ Kf7 38. Rb7+ Kg8 39. d6
Rd4 40. d7 Kf8 41. Rb8+ Ke7 42. d8=Q+ Rxd8 43. Rxd8 Kxd8 44. Ke4 1-0

[Event "Muensterland Open"]
[Site "Senden"]
[Date "2006.10.09"]
[Round "4.2"]
[White "Tereick, Benjamin"]
[Black "Karpatchev, Aleksandr"]
[Result "1-0"]
[WhiteElo "2302"]
[BlackElo "2515"]
[PlyCount "61"]
[EventDate "2006.??.??"]

1. c4 e5 2. Nc3 Nf6 3. Nf3 Nc6 4. a3 d5 5. cxd5 Nxd5 6. Qc2 Nxc3 7. dxc3 Bd6 8.
e4 O-O 9. Be3 Qe7 10. Bd3 Bc5 11. Bxc5 Qxc5 12. b4 Qd6 13. O-O Ne7 14. Nd2 Rd8
15. Nc4 Qxd3 16. Rad1 Qxf1+ 17. Kxf1 Bg4 18. f3 Be6 19. Nxe5 a5 20. Rxd8+ Rxd8
21. Kf2 a4 22. Qxa4 f6 23. Nd3 Bc4 24. Nb2 b5 25. Qc2 Be6 26. c4 c6 27. a4 bxa4
28. Nxa4 Ng6 29. Nc5 Bf7 30. b5 Ne5 31. b6 1-0

[Event "Muensterland Open"]
[Site "Senden"]
[Date "2006.10.09"]
[Round "4.4"]
[White "Krallmann, Matthias"]
[Black "Borovikov, Vladislav"]
[Result "0-1"]
[WhiteElo "2282"]
[BlackElo "2578"]
[PlyCount "42"]
[EventDate "2006.??.??"]

1. d4 d5 2. c4 e6 3. Nf3 Nf6 4. Bg5 h6 5. Bh4 Bb4+ 6. Nbd2 dxc4 7. e3 b5 8. a4
c6 9. Be2 Nbd7 10. O-O Qb6 11. Qc2 Bb7 12. Rad1 a6 13. e4 c5 14. e5 Nd5 15. Ne4
cxd4 16. Rxd4 Nxe5 17. Nxe5 Qxd4 18. Nxf7 Kxf7 19. Bh5+ Kg8 20. Nd6 Bxd6 21.
Qg6 Nf4 0-1

[Event "Muensterland Open"]
[Site "Senden"]
[Date "2006.10.09"]
[Round "4.6"]
[White "Nattermüller, Irina"]
[Black "Schulze, Ulrich"]
[Result "0-1"]
[WhiteElo "2156"]
[BlackElo "2304"]
[PlyCount "68"]
[EventDate "2006.??.??"]

1. e4 c5 2. Nf3 Nc6 3. d4 cxd4 4. Nxd4 Nf6 5. Nc3 e5 6. Ndb5 d6 7. a4 a6 8. Na3
Bg4 9. f3 Be6 10. Bc4 Qb6 11. Nd5 Bxd5 12. Bxd5 Qa5+ 13. Bd2 Qxa4 14. Bc4 Nd4
15. b3 Qd7 16. c3 Ne6 17. Be3 Be7 18. O-O O-O 19. Rf2 b5 20. Bd3 Qc6 21. Qe1 d5
22. Rfa2 dxe4 23. fxe4 Ng4 24. Kh1 Rfd8 25. Bc2 Bc5 26. Bxc5 Qxc5 27. h3 Nf2+
28. Kh2 Nd3 29. Qf1 Ndf4 30. Nxb5 Rd2 31. Bd1 Rad8 32. Rxa6 Rxg2+ 33. Kh1 Qe3
34. Bf3 Rg1+ 0-1

[Event "Muensterland Open"]
[Site "Senden"]
[Date "2006.10.09"]
[Round "4.7"]
[White "Struk, Jerzy"]
[Black "Müller, Martin"]
[Result "1-0"]
[WhiteElo "2270"]
[BlackElo "2096"]
[PlyCount "81"]
[EventDate "2006.??.??"]

1. e4 c5 2. Nf3 g6 3. c4 Nc6 4. d4 cxd4 5. Nxd4 Nf6 6. Nc3 d6 7. Be2 Nxd4 8.
Qxd4 Bg7 9. Bg5 O-O 10. Qd2 Be6 11. f3 Qa5 12. Nd5 Qxd2+ 13. Kxd2 Bxd5 14. cxd5
Rfc8 15. Rac1 Kf8 16. b4 Ke8 17. Be3 Kd8 18. g4 Rxc1 19. Rxc1 Nd7 20. f4 a5 21.
b5 Bb2 22. Rc2 Ba3 23. g5 Bc5 24. Bg4 Bxe3+ 25. Kxe3 Nc5 26. Kd4 Kc7 27. Rc3
Kb6 28. Be2 Rf8 29. e5 Kc7 30. Rh3 Rh8 31. Rh6 b6 32. Bg4 Kd8 33. h4 Ke8 34. h5
Kf8 35. hxg6 fxg6 36. exd6 exd6 37. f5 Kg7 38. f6+ Kf7 39. Bh3 Na4 40. Be6+ Ke8
41. Bf5 1-0

[Event "Muensterland Open"]
[Site "Senden"]
[Date "2006.10.09"]
[Round "4.8"]
[White "Ottens, Stephan"]
[Black "Grälken, Matthias"]
[Result "1-0"]
[WhiteElo "2242"]
[BlackElo "2131"]
[PlyCount "47"]
[EventDate "2006.??.??"]

1. e4 c5 2. Nf3 g6 3. c3 Bg7 4. d4 cxd4 5. cxd4 d5 6. exd5 Nf6 7. Bb5+ Nbd7 8.
Nc3 O-O 9. O-O Nb6 10. Bg5 a6 11. Bd3 Nbxd5 12. Qd2 b6 13. Nxd5 Nxd5 14. Rfe1
Bb7 15. Be4 Re8 16. Rad1 Qd6 17. Bh6 Rac8 18. Qg5 Bf6 19. Qg4 Bg7 20. Qh3 f6
21. Rd3 Rc7 22. Qh4 Bxh6 23. Qxh6 Qf4 24. Bxd5+ 1-0

[Event "Muensterland Open"]
[Site "Senden"]
[Date "2006.10.09"]
[Round "4.10"]
[White "Glaser, Wolfgang"]
[Black "Witte, Matthias"]
[Result "1-0"]
[WhiteElo "2239"]
[BlackElo "2092"]
[PlyCount "45"]
[EventDate "2006.??.??"]

1. e4 d5 2. exd5 Qxd5 3. Nc3 Qa5 4. d4 c6 5. Bc4 Bf5 6. Nf3 Nf6 7. Bd2 e6 8.
Qe2 Bb4 9. O-O-O Nbd7 10. a3 Bxc3 11. Bxc3 Qc7 12. Ne5 O-O 13. f3 Nxe5 14. dxe5
Nd5 15. Bxd5 cxd5 16. g4 Bg6 17. h4 h5 18. gxh5 Bxh5 19. Rhg1 Rfc8 20. Rg5 g6
21. Qg2 Kh7 22. Rxh5+ gxh5 23. Qg5 1-0

[Event "Muensterland Open"]
[Site "Senden"]
[Date "2006.10.10"]
[Round "5.1"]
[White "Haub, Thorsten Michael"]
[Black "Farago, Ivan"]
[Result "0-1"]
[WhiteElo "2474"]
[BlackElo "2522"]
[PlyCount "86"]
[EventDate "2006.??.??"]

1. g3 d5 2. Bg2 Nf6 3. d3 c6 4. Nf3 Bg4 5. h3 Bh5 6. O-O e6 7. Qe1 Be7 8. e4
O-O 9. Nbd2 Nbd7 10. Kh1 Ne8 11. Ng1 dxe4 12. dxe4 e5 13. a4 a5 14. Nc4 Nd6 15.
Nxd6 Bxd6 16. Bf3 Bg6 17. Qe2 Nc5 18. Qc4 Qb6 19. Rd1 Be7 20. b3 Qb4 21. Qe2
Rfd8 22. Bd2 Qb6 23. Qe3 Qc7 24. Bc3 Ne6 25. Rxd8+ Rxd8 26. Qe1 Nd4 27. Bxd4
Rxd4 28. Rd1 Bb4 29. Qe3 Rxd1 30. Bxd1 Qd6 31. Bf3 Bc5 32. Qe2 Qd4 33. h4 h6
34. Nh3 f5 35. exf5 Bxf5 36. Kg2 Kf8 37. g4 Bh7 38. g5 Bg8 39. gxh6 gxh6 40.
Ng1 Qxh4 41. Kf1 Qf4 42. Qe1 Bb6 43. Qc3 Qc1+ 0-1

[Event "Muensterland Open"]
[Site "Senden"]
[Date "2006.10.10"]
[Round "5.4"]
[White "Karpatchev, Aleksandr"]
[Black "Busche, Klaus"]
[Result "1/2-1/2"]
[WhiteElo "2515"]
[BlackElo "2155"]
[PlyCount "114"]
[EventDate "2006.??.??"]

1. e4 d5 2. exd5 Nf6 3. d4 Bg4 4. Bb5+ Nbd7 5. f3 Bf5 6. c4 e6 7. dxe6 Bxe6 8.
d5 Bf5 9. Nc3 Be7 10. Nge2 O-O 11. Ng3 Bg6 12. Bxd7 Qxd7 13. O-O Bc5+ 14. Kh1
h6 15. Nce4 Nxe4 16. Nxe4 Bxe4 17. fxe4 Rae8 18. Qd3 f5 19. exf5 Qxf5 20. Qxf5
Rxf5 21. Bd2 Rxf1+ 22. Rxf1 Re4 23. b3 Re2 24. Rd1 Be3 25. Bxe3 Rxe3 26. h3 Re2
27. c5 Kf7 28. c6 bxc6 29. dxc6 Re6 30. Rd7+ Re7 31. Rd4 Re6 32. Rd7+ Re7 33.
Rxe7+ Kxe7 34. Kh2 Kd6 35. Kg3 Kxc6 36. Kf4 Kd6 37. Kf5 Ke7 38. Kg6 Kf8 39. h4
Kg8 40. h5 Kf8 41. b4 c6 42. Kf5 Kf7 43. Ke4 Ke7 44. Kd4 Ke6 45. Kc5 Kd7 46. b5
cxb5 47. Kxb5 Kc7 48. a3 Kb7 49. a4 Kc7 50. a5 Kb7 51. a6+ Kc7 52. Kc5 Kd7 53.
g3 Kc7 54. g4 Kd7 55. Kd5 Ke7 56. Kc6 Ke6 57. Kc7 Ke7 1/2-1/2